000 00634nam a2200229Ia 4500
003 OSt
005 20221007072212.0
006 a|||||r|||| 00| 0
007 ta
008 221006b |||||||| |||| 00| 0 eng d
024 _a43,146
037 _cTextual
040 _aFLL
_cFLL
_beng
041 _2eng
_aeng
082 _aY:45151:5(Z), Q2
100 _aBrayford Jo Ed.
_9580828
245 0 _aSex offenders
_b punish, help, change or control?
260 _aLondon
_bRoutledge UK
_c2012
300 _a348 xvii
_ccm.
942 _hY:45151:5(Z), Q2
_cTEXL
_2CC
999 _c1145424
_d1145424